Land vs. Land #60 - Statistiken

Allgemein
  • Dieses Quiz wurde 21 mal gespielt
  • Das Durchschnittsergebnis liegt bei 12 aus 14
Antwortstatistiken
Frage Antwort % Korrekt
...Bruttoinlandsprodukt pro Kopf? Montenegro🇲🇪
100%
...Lebenserwartung? Montenegro🇲🇪
100%
...Fläche? Nigeria🇳🇬
100%
...Einwohner? Nigeria🇳🇬
100%
...Militär? Nigeria🇳🇬
100%
...Gesundheitswesen? Montenegro🇲🇪
95%
...Frieden? Montenegro🇲🇪
95%
...durchschnittlicher IQ? Montenegro🇲🇪
95%
...HDI (Human Development Index)? Montenegro🇲🇪
85%
...Happy Planet Index? Montenegro🇲🇪
85%
...Bruttoinlandsprodukt? Nigeria🇳🇬
80%
...Exportmengen? Nigeria🇳🇬
80%
...Gewinner? Montenegro🇲🇪
70%
...Tourismus? Montenegro🇲🇪
50%
Keine übereinstimmenden Quizze gefunden
Verteilung der Resultate
Anzahl Personen mit jedem Resultat
Perzentil nach korrekt beantworteten Fragen
Ihre Resultats-Entwicklung
Sie haben dieses Quiz noch nicht gespielt